[Event "Madrid Codes Memorial 7th"]
[Site "Madrid"]
[Date "2013.05.05"]
[Round "5"]
[White "Jimenez Ibanez, Juan C"]
[Black "Lianes Garcia, Marcos"]
[Result "0-1"]
[WhiteElo "1839"]
[BlackElo "1741"]
[PlyCount "66"]
[EventDate "2013.04.07"]
[EventType "swiss"]
[EventRounds "9"]
[EventCountry "ESP"]
[SourceTitle "EXT 2014"]
[Source "ChessBase"]
[SourceDate "2013.11.20"]
[SourceVersion "1"]
[SourceVersionDate "2013.11.20"]
[SourceQuality "1"]

1. d4 Nf6 2. c4 g6 3. Bg5 Bg7 4. e3 c5 5. Nf3 0-0 6. Nc3 cxd4 7. Nxd4 d6 8. Bd3 Nc6 9. 0-0 Nxd4 10. exd4 Qb6 11. Rb1 Qxd4 12. Be3 Qe5 13. Qd2 Bd7 14. Rfe1 Qa5 15. b4 Qc7 16. Rbc1 b6 17. Nd5 Nxd5 18. cxd5 Qb7 19. Bg5 f6 20. Bh6 Rfe8 21. Re2 Rac8 22. Rxc8 Qxc8 23. b5 Bxh6 24. Qxh6 Qc3 25. Qd2 Qxd2 26. Rxd2 Rc8 27. Rd1 Rc5 28. h3 Bxb5 29. Kf1 Bxd3+ 30. Rxd3 Kf7 31. Ke2 Ke8 32. Ra3 a5 33. Rb3 b5 0-1